| 000 | 00713nam a22002177a 4500 | ||
|---|---|---|---|
| 005 | 20170124110053.0 | ||
| 010 | _aA-704251 | ||
| 020 | _c60.00 | ||
| 035 | _aA-704251 | ||
| 037 | _bCen Lib/Ret | ||
| 082 |
_a613 _bBAT |
||
| 100 |
_aBatmanghelidj, F. _925816 |
||
| 245 |
_aYour body's many crisis for water : _cby F. Batmanghelidj _bdont treat thirst with medications / |
||
| 260 |
_aNew Delhi _bRupa & Co. _c1993 |
||
| 270 |
_bNew Delhi _a7/16, ansari road, dariya ganj _e110002 |
||
| 300 |
_a154p. _c20cm(Hb) |
||
| 500 | _aIncludes bibliographical references | ||
| 650 |
_aMedical science _9101971 |
||
| 650 |
_aInformation amnd recomendations _925818 |
||
| 942 |
_2ddc _cEN _h613 _mBAT |
||
| 999 |
_c129242 _d129242 |
||